书目信息 |
| 题名: |
2006年硕士研究生入学统一考试形势与政策复习指南
|
|
| 作者: | 王晓峰 编著 | |
| 分册: | ||
| 出版信息: | 北京 中国人民大学出版社 2005 |
|
| 页数: | 227页 | |
| 开本: | 21cm | |
| 丛书名: | ||
| 单 册: | ||
| 中图分类: | D643 | |
| 科图分类: | ||
| 主题词: | 时事政策教育--研究生--入学考试--自学参考资料 | |
| 电子资源: | ||
| ISBN: | 7-300-06904-5 | |
| 000 | 00840nam0 2200217 450 | |
| 001 | 012005104150 | |
| 005 | 20061114093452.04 | |
| 010 | @a7-300-06904-5@dCNY10.00 | |
| 100 | @a20051214d2005 em y0chiy0110 ea | |
| 101 | 0 | @achi |
| 102 | @aCN@b110000 | |
| 105 | @abk z 000yy | |
| 200 | 1 | @a2006年硕士研究生入学统一考试形势与政策复习指南@92006 nian shuo shi yan jiu sheng ru xue tong yi kao shi xing shi yu zheng ce fu xi zhi nan@f王晓峰编著 |
| 210 | @a北京@c中国人民大学出版社@d2005 | |
| 215 | @a227页@c地图@d21cm | |
| 330 | @a本书囊括了2004年11月至2005年9月国内外的重大事件,编写了相关内容的单项选择题与多项选择题,并列举了当前的热点问题与重点问题。 | |
| 606 | 0 | @a时事政策教育@x研究生@x入学考试@j自学参考资料 |
| 690 | @aD643@v4 | |
| 701 | 0 | @a王晓峰@9wang xiao feng@4编著 |
| 801 | 0 | @aCN@bRENTIAN@c20061114 |
| 905 | @a10447@dD643@e108 | |
| 2006年硕士研究生入学统一考试形势与政策复习指南/王晓峰编著.-北京:中国人民大学出版社,2005 |
| 227页:地图;21cm |
| ISBN 7-300-06904-5:CNY10.00 |
| 本书囊括了2004年11月至2005年9月国内外的重大事件,编写了相关内容的单项选择题与多项选择题,并列举了当前的热点问题与重点问题。 |
| ● |
| 相关链接 |
|
|
|
|
正题名:2006年硕士研究生入学统一考试形势与政策复习指南
索取号:D643/108
 
预约/预借
| 序号 | 登录号 | 条形码 | 馆藏地/架位号 | 状态 | 备注 |
| 1 | 0383120 | 203831201 | 第一样本阅览室/ [索取号:D643/108] | 在馆 | |
| 2 | 0383121 | 203831210 | 第一借阅区/ [索取号:D643/108] | 在馆 | |
| 3 | 0383122 | 203831229 | 第一借阅区/ [索取号:D643/108] | 在馆 | |
| 4 | 0383123 | 203831238 | 第一借阅区/ [索取号:D643/108] | 在馆 | |
| 5 | 0383124 | 203831247 | 第一借阅区/ [索取号:D643/108] | 在馆 | |
| 6 | 0383125 | 203831256 | 第一借阅区/ [索取号:D643/108] | 在馆 |